Statistics for Asian Countries with the Most Mormons

Click here to take the quiz!

General Stats

  • This quiz has been taken 84 times
    (67 since last reset)
  • The average score is 10 of 14

Answer Stats

Mormon MembershipCountry% Correct
13,141India
93%
128,856Japan
91%
21,274Thailand
91%
7,289Indonesia
89%
87,637South Korea
84%
745,959Philippines
82%
10,010Malaysia
80%
13,716Cambodia
78%
59,586Taiwan
76%
3,381Singapore
75%
11,436Mongolia
73%
1,436Sri Lanka
60%
1,543United Arab Emirates
47%
457Cyprus
27%

Score Distribution

Percentile by Number Answered

Percent of People with Each Score

Your Score History

You have not taken this quiz since the last reset